Statistics for Canton Flags

Click here to take the quiz!

General Stats

  • This quiz has been taken 22 times
  • The average score is 13 of 14

Answer Stats

Answer% Correct
Australia
100%
Chile
100%
Greece
100%
New Zealand
100%
Taiwan
100%
United States
100%
Uruguay
100%
Liberia
95%
Malaysia
95%
Tonga
95%
Fiji
89%
Togo
89%
Samoa
84%
Tuvalu
79%

Score Distribution

Percentile by Number Answered

Percent of People with Each Score

Your Score History

You have not taken this quiz